• 首页
  • 本馆介绍
  • 公告通知
  • 最新文献
  • 馆藏检索
  • 电子资源
  • 读者导购
  • 参考咨询
  • 我的图书馆
  • 登录
  • 详细信息显示
  • 放入我的书架
  • 预约/预借图书
  • 作者相关作品
  • 分类相关作品
  • 丛书相关作品
  • 出版社相关作品

书目信息

  • 表格格式
  • 工作单格式
  • 卡片格式
题名:
切比雪夫多项式
    
 
作者: 佩捷 , 吴雨宸 , 李舒畅 编著
分册:  
出版信息: 哈尔滨   哈尔滨工业大学出版社  2016.1
页数: 263页
开本: 23cm
丛书名: 《数学中的小问题大定理》丛书
单 册:
中图分类: O174.21
科图分类:
主题词: 切比雪夫多项式--研究
电子资源:
ISBN: 978-7-5603-5632-7
000 01096nam 2200289 450
001 0400002993
005 20171021170646.0
010    @a978-7-5603-5632-7@dCNY38.00
100    @a20160601e2016 em y0chiy50 ea
101 0  @achi
102    @aCN@b230000
105    @ay z 000yy
106    @ar
200 1  @a切比雪夫多项式@9qie bi xue fu duo xiang shi@b专著@e从一道清华大学金秋营试题谈起@f佩捷,吴雨宸,李舒畅编著
210    @a哈尔滨@c哈尔滨工业大学出版社@d2016.1
215    @a263页@d23cm
225 1  @a《数学中的小问题大定理》丛书@h第四辑
330    @a本书以递归方式定义了一系列正交多项式序列,主要介绍了第一类切比雪夫多项式、第二类切比雪夫多项式以及切比雪夫多项式在逼近理论中的重要应用。
461  0 @12001 @a《数学中的小问题大定理》丛书
517 1  @a从一道清华大学金秋营试题谈起@9cong yi dao qing hua da xue jin qiu ying shi ti tan qi
606 0  @a切比雪夫多项式@x研究
690    @aO174.21@v5
701  0 @a佩捷@9pei jie@4编著
701  0 @a吴雨宸@9wu yu chen@4编著
701  0 @a李舒畅@9li shu chang@4编著
801  0 @aCN@b91MARC@c20171021
905    @b1021373-7@dO174.21@f5@e222
    
    切比雪夫多项式:从一道清华大学金秋营试题谈起/佩捷,吴雨宸,李舒畅编著.-哈尔滨:哈尔滨工业大学出版社,2016.1
    263页;23cm.-(《数学中的小问题大定理》丛书.第四辑)
    
    
    ISBN 978-7-5603-5632-7:CNY38.00
    本书以递归方式定义了一系列正交多项式序列,主要介绍了第一类切比雪夫多项式、第二类切比雪夫多项式以及切比雪夫多项式在逼近理论中的重要应用。
●
相关链接 在E读中查询图书 在五车中查询图书 在当当中查询图书 在豆瓣中查询图书


正题名:切比雪夫多项式     索取号:O174.21/222         预约/预借

序号 登录号 条形码 馆藏地/架位号 状态 备注
1 1021373   210213730   第二样本阅览室/ [索取号:O174.21/222] 在馆    
2 1021374   210213749   第三借阅区/ [索取号:O174.21/222] 在馆    
3 1021375   210213758   第三借阅区/ [索取号:O174.21/222] 在馆    
4 1021376   210213767   第三借阅区/ [索取号:O174.21/222] 在馆    
5 1021377   210213776   数信系资料室/ [索取号:O174.21/222] 在馆    
唐山师范学院图书馆 欢迎您!
大连网信软件有限公司© 版权所有